Violencia doméstica: intervenciones para su prevención y tratamiento

Uloženo v:
Podrobná bibliografie
Korporativní autor: Banco Interamericano de Desarrollo
Médium: Neznámo
Vydáno: Washington, DC: Banco Interamericano de Desarrollo. BID
Témata:
Tagy: Přidat tag
Žádné tagy, Buďte první, kdo vytvoří štítek k tomuto záznamu!

MARC

LEADER 00000 a2200000 04500
001 28422
003
008 991231s d
040
090 |a 188610  
110 |a Banco Interamericano de Desarrollo  
245 |a Violencia doméstica: intervenciones para su prevención y tratamiento  
260 |a Washington, DC:   |b Banco Interamericano de Desarrollo. BID  
650 |a VIOLENCIA INTRAFAMILIAR  
650 |a EDUCACION POPULAR  
650 |a ROL MASCULINO  
650 |a CONCIENTIZACION  
650 |a DISTRIBUCION POR EDAD  
999 |c 17450  |d 17450